Poppy Playtime Characters 2.0 - Statistics

General Stats
  • This quiz has been taken 67 times
  • The average score is 35 of 131
Answer Stats
Category Character % Correct
Toys Huggy Wuggy
97%
CatNap
85%
DogDay
82%
Kissy Missy
79%
Mommy Long Legs
79%
Bunzo Bunny
73%
CatBee
73%
Poppy Playtime
73%
Experiments Prototype
73%
Doey the Doughman
70%
Lily Lovebraids
67%
Baby Long Legs
64%
Daddy Long Legs
64%
Giblet
64%
Yarnaby
64%
Baba Chops
61%
Bobby BearHug
61%
Candy Cat
61%
Bubba Bubbaphant
58%
Elliot Ludwig
58%
KickinChicken
55%
Mini Huggies
55%
Pianosaurus
55%
PJ Pug-A-Pillar
55%
The Doctor
55%
CraftyCorn
52%
Harley Sawyer
52%
Hoppy Hopscotch
52%
Leith Pierre
52%
Miss Delight
52%
Boogie Bot
48%
PickyPiggy
48%
Humans Player
45%
Poe
42%
Chum Chompkins
39%
Daisy
39%
Icky Licky
39%
Simon Smoke
39%
Bron the Dinosaur
36%
Rabie Baby
36%
Sir Poops-A-Lot
36%
Allister Gator
33%
Gracie Green
33%
Maggie Mako
33%
Stella Greyber
33%
Touille
33%
Owen the Oven
27%
Kick me Paul
24%
Limon
24%
Preston Willard
24%
Avery
21%
Blanky Blankz
21%
Jack Ayer
21%
Medic
21%
Barrel O' Huggys
18%
Bindle Boogie
18%
Bruno White
18%
Bubby Chumz
18%
Dizz
18%
Dizzy BooBoo
18%
Goober Gutz
18%
Kevin Barnes
18%
Loopsy Noodle
18%
Petite Pooch
18%
Cassie
15%
Dollie Grub
15%
Doodle Bones
15%
Jessica Newman
15%
Love Bug
15%
Poppy Ludwig
15%
Riley
15%
Scout
15%
Darwin Silva
12%
Dusky
12%
Izzy
12%
Jeremy
12%
Jimmy Roth
12%
Joel Sinclair
12%
Marie Payne
12%
Matthew Hallard
12%
Oliver Ludwig
12%
Quinn Navidson
12%
Richard Lovitz
12%
Surprise Hare
12%
Thomas Clarke
12%
Warden
12%
Boggy
9%
Chloe Arkins
9%
Claire Harper
9%
Cole Vaughn
9%
Eddie M.N. Ritterman
9%
Gentle John
9%
Joseph
9%
Makayla Hyssop
9%
Marcas Brickley
9%
Patty Hall
9%
Roach
9%
Rowan Stoll
9%
Theodore Grambell
9%
Ziggy
9%
Adam Worthy
6%
Danny
6%
Dr. Michaels
6%
Gabby
6%
Gerad Lockehart
6%
Gnat
6%
Gutter Plush
6%
Jane Ellswin
6%
Kassandra
6%
Matteo Lata
6%
Matthew Wayson
6%
Meech
6%
Megan
6%
Mr. Hartman
6%
Mrs. Hartman
6%
Ms. Brooks
6%
Norm
6%
North Geisler
6%
Rag Bag
6%
Robertson
6%
Samuel Lee
6%
Stuart
6%
TibbTibb
6%
Timmy
6%
Todd
6%
Yiggy
6%
Mr. Ayer
3%
Mrs. Ayer
3%
Odd Edd
3%
Sera Abell
3%
Sun Bunny
3%
No matching quizzes found
Score Distribution
Percent of People with Each Score
Percentile by Number Answered
Your Score History
You have not taken this quiz